Synopsis juris ecclesiastici publici et privati, quod per terras haereditarias augustissimae imperatricis Mar. Theresiae obtinet

Hlavní autor: Riegger, Paul Josef von, 1705-1775
Další autoři: Rautenstrauch, Franz Stephan, 1734-1785
Jazyk: Latina
Vydáno: Vindobonae : Typ. Joan. Thomae. Nob. de Trattnern, caes. reg. aulae Typogr. et Bibliopol., 1776
Témata:
Fyzický popis: 77 s. ; 8°
Knihy
Uloženo v:
LEADER 01057nam a22002897a 4500
001 mzk03001220447
003 CZ BrMZK
005 20151006124520.0
007 ta
008 041111s1776 au fr|||||00| ||latod
040 |a BOA001  |b cze  |c BOA001 
072 7 |a 094  |x Staré tisky  |2 Konspekt  |9 12 
080 |a (0.068)094  |2 MRF 
100 1 |a Riegger, Paul Josef von,  |d 1705-1775  |7 ola2005298323  |4 dub 
245 1 0 |a Synopsis juris ecclesiastici publici et privati, quod per terras haereditarias augustissimae imperatricis Mar. Theresiae obtinet 
260 |a Vindobonae :  |b Typ. Joan. Thomae. Nob. de Trattnern, caes. reg. aulae Typogr. et Bibliopol.,  |c 1776 
300 |a 77 s. ;  |c 8° 
561 |a Provenience: Usui Fratris Benedicti Rutta Ord. Min. Conv. 36 x. 
655 7 |a staré tisky  |7 fd422076  |2 czenas 
700 1 |a Rautenstrauch, Franz Stephan,  |d 1734-1785  |7 mzk2007395195  |4 dub 
903 |a RP 
910 |a BOE452  |b Mn 
978 |b Trattner, Johann Thomas von  |a Wien  |c 1776 
984 |a Vídeň  |b Rakousko 
985 |a 1751-1800 
990 |a BK 
991 |k minorite